Les clubs vainqueurs de l'Europa League - Statistiques

Statistiques générales
  • Ce quiz a été pris 167 fois
    48 depuis la dernière actualisation
  • Le résultat moyen est 45 sur 55
Statistiques - réponses
Année Club Pays % Correct
2018 Atletico Madrid Espagne
98%
2012 Atletico Madrid Espagne
98%
2010 Atletico Madrid Espagne
98%
2017 Manchester United Angleterre
98%
1986 Real Madrid Espagne
98%
1985 Real Madrid Espagne
98%
2023 Séville FC Espagne
95%
2020 Séville FC Espagne
95%
2016 Séville FC Espagne
95%
2015 Séville FC Espagne
95%
2014 Séville FC Espagne
95%
2007 Séville FC Espagne
95%
2006 Séville FC Espagne
95%
1992 Ajax Amsterdam Pays-Bas
93%
2026 Aston Villa FC
93%
1988 Bayer Leverkusen Allemagne
93%
2019 Chelsea FC Angleterre
93%
2013 Chelsea FC Angleterre
93%
2011 FC Porto Portugal
93%
2003 FC Porto Portugal
93%
1998 Inter Milan Italie
93%
1994 Inter Milan Italie
93%
1991 Inter Milan Italie
93%
2025 Tottenham Hotspur Angleterre
90%
1984 Tottenham Hotspur Angleterre
90%
1972 Tottenham Hotspur Angleterre
90%
2024 Atalanta BC Itlaie
88%
1993 Juventus FC Italie
88%
1990 Juventus FC Italie
88%
1977 Juventus FC Italie
88%
2001 Liverpool FC Angleterre
88%
1976 Liverpool FC Angleterre
88%
1973 Liverpool FC Angleterre
88%
2005 CSKA Moscou Russie
85%
2000 Galatasaray Spor Kulübü Turquie
85%
2021 Villarreal CF Espagne
85%
2022 Eintracht Francfort Allemagne
80%
1980 Eintracht Francfort Allemagne
80%
1996 Bayern Munich Allemagne
78%
2002 Feyenoord Rotterdam Pays-Bas
78%
1974 Feyenoord Rotterdam Pays-Bas
78%
1978 PSV Eindhoven Pays-Bas
78%
2004 Valencia CF Espagne
78%
2008 Zénith Saint-Pétersbourg Russie
73%
1983 RSC Anderlecht Belgique
71%
1989 SSC Napoli Italie
71%
1999 Parma Calcio Italie
68%
1995 Parma Calcio Italie
68%
2009 Chakhtar Donetsk Ukraine
63%
1997 Schalke 04 Allemagne
44%
1979 Borussia Mönchengladbach Allemagne
39%
1975 Borussia Mönchengladbach Allemagne
39%
1987 IFK Göteborg Suède
39%
1982 IFK Göteborg Suède
39%
1981 Ipswich Town Angleterre
20%
Aucun quiz correspondant
Distribution des résultats
% des personnes avec chaque résultat
Percentile par nombre de réponses
Votre historique - résultats
Vous n’avez pas pris ce quiz depuis la dernière actualisation